000 00367nam a22001217a 4500
040 _cHS
082 _a631
100 _aសុក គន្ធី
245 _aវិស្វកម្មប្រតិបត្តិក្រោយការប្រមូលផលស្រូវ
260 _aCambodia
_bសុក គន្ធី
_c2007
300 _aNA
942 _cKB
999 _c9339
_d9339